Comparative Physiology of salinity and drought stress tolerance in Indica and Japonica Rice seedlings / (Record no. 14449)

MARC details
000 -LEADER
fixed length control field 01020nam a22002777a 4500
003 - CONTROL NUMBER IDENTIFIER
control field BD-DhSAU
005 - DATE AND TIME OF LATEST TRANSACTION
control field 20181205134805.0
008 - FIXED-LENGTH DATA ELEMENTS--GENERAL INFORMATION
fixed length control field 161006b2017 bg ad||| |||| 00| 0 eng d
040 ## - CATALOGING SOURCE
Original cataloging agency BD-DhSAU
082 ## - DEWEY DECIMAL CLASSIFICATION NUMBER
Edition number 22
Classification number 630
Item number H7949
100 ## - MAIN ENTRY--PERSONAL NAME
Personal name Hossen , Md. Shahadat
Relator code Registration No:10-03779
245 ## - TITLE STATEMENT
Title Comparative Physiology of salinity and drought stress tolerance in Indica and Japonica Rice seedlings /
Statement of responsibility, etc. Hossen , Md. Shahadat
Remainder of title Ms Thesis
260 ## - PUBLICATION, DISTRIBUTION, ETC. (IMPRINT)
Place of publication, distribution, etc. Dhaka : Sher- e- Bangla Agricultural University :
Name of publisher, distributor, etc. Department of Agronomy ,
Date of publication, distribution, etc. 2017
300 ## - PHYSICAL DESCRIPTION
Extent xviii, 102 p. :
Other physical details ill. ;
Dimensions 30 cm.
504 ## - BIBLIOGRAPHY, ETC. NOTE
Bibliography, etc Includes bibliographical references.
590 ## - Name of Cataloguer
Name of Cataloger Shofi
650 ## - SUBJECT ADDED ENTRY--TOPICAL TERM
Topical term or geographic name as entry element Agronomy
650 ## - SUBJECT ADDED ENTRY--TOPICAL TERM
Topical term or geographic name as entry element Physiology
650 ## - SUBJECT ADDED ENTRY--TOPICAL TERM
Topical term or geographic name as entry element Indica
650 ## - SUBJECT ADDED ENTRY--TOPICAL TERM
Topical term or geographic name as entry element Japonica
650 ## - SUBJECT ADDED ENTRY--TOPICAL TERM
Topical term or geographic name as entry element Rice seedling
700 ## - ADDED ENTRY--PERSONAL NAME
Personal name Karim , Md. Fazlul
Relator code Supervisor
700 ## - ADDED ENTRY--PERSONAL NAME
Personal name Hossain , H.M.M. Tariq
Relator code Co-Supervisor
856 ## - ELECTRONIC LOCATION AND ACCESS
Uniform Resource Identifier <a href="http://archive.saulibrary.edu.bd:8080/xmlui/handle/123456789/455">http://archive.saulibrary.edu.bd:8080/xmlui/handle/123456789/455</a>
Link text Online Access
942 ## - ADDED ENTRY ELEMENTS (KOHA)
Source of classification or shelving scheme Dewey Decimal Classification
Koha item type MS Level Thesis
Holdings
Withdrawn status Lost status Source of classification or shelving scheme Damaged status Not for loan Collection code Home library Branch Name Date acquired Total Checkouts Full call number Barcode Date last seen Price effective from Koha item type
    Dewey Decimal Classification   Not For Loan Reference SAU Library SAU Library 31/10/2018   630 H7949 40985 05/11/2018 05/11/2018 MS Level Thesis